000 00962nam0a22002651 4500
001 rc\4243232
005 20250612025153.0
021 _aRU
_b[58-66179]
035 _a(NLR Aleph) 008471653
090 _a7933500
_c7933500
100 _a20130416d1958 |||y0rusy50 ca
101 0 _arus
102 _aRU
105 _aa z |||||
200 1 _aЖелезы внутренней секреции
_e(Их заболевания и новые методы лечения)
_fВсесоюз. о-во по распространению полит. и науч. знаний
210 _aМосква
_cЗнание
_d1958
215 _a40 с.
_cил.
_d21
225 1 _a[Серия 8
_vВып. 1, № 18]
606 _aЭндокринные железы
_xБолезни
_2psbo
700 1 _aАтабек
_bА.А.
_gАрсен Александрович
801 0 _aRU
_bNLR
_gpsbo
801 1 _aRU
_bELAR
_2rusmarc
852 _aNLR
_j58-6/9509
942 _cBOOK
980 _aNB